Learning manual for How the brain learns / (Record no. 12424)

000 -LEADER
fixed length control field 00443cam a2200169Ia 4500
020 ## - INTERNATIONAL STANDARD BOOK NUMBER
ISBN 0803967535
040 ## - CATALOGING SOURCE
Transcribing agency INC.
082 ## - DEWEY DECIMAL CLASSIFICATION NUMBER
Classification number 370 COR 1998 A020 Or.
100 1# - MAIN ENTRY--AUTHOR NAME
Personal name Sousa, David A
245 10 - TITLE STATEMENT
Title Learning manual for How the brain learns /
260 ## - PUBLICATION, DISTRIBUTION, ETC. (IMPRINT)
Place of publication Thousand Oaks, Calif. :
Name of publisher Corwin Press,
Year of publication c1998
300 ## - PHYSICAL DESCRIPTION
Number of Pages vii, 76 p. :
Other physical details ill. ;
Dimensions 28 cm
650 #0 - SUBJECT ADDED ENTRY--TOPICAL TERM
Topical Term Learning
650 #0 - SUBJECT ADDED ENTRY--TOPICAL TERM
Topical Term Learning, Psychology of
650 #0 - SUBJECT ADDED ENTRY--TOPICAL TERM
Topical Term Brain
942 ## - ADDED ENTRY ELEMENTS (KOHA)
Koha item type សៀវភៅភាសាអង់គ្លេស
952 ## - LOCATION AND ITEM INFORMATION (KOHA)
Withdrawn status [LOCAL, KOHA] 0
Holdings
Permanent Location Date acquired Koha item type Lost status Shelving location Barcode Current Location Full call number
Library Block A2017-08-14សៀវភៅភាសាអង់គ្លេស A020a17214Library Block A370 COR 1998 A020 Or.
មជ្ឈមណ្ឌលឯការនៃសាកលវិទ្យាល័យភូមិន្ទកសិកម្មចំការដូង

Powered by Koha